书目信息 |
| 题名: |
建筑模型制作图解
|
|
| 作者: | ;筑美设计 编著 | |
| 分册: | ||
| 出版信息: | 南京 江苏凤凰科学技术出版社 2019 |
|
| 页数: | 160页 | |
| 开本: | 29cm | |
| 丛书名: | ||
| 单 册: | ||
| 中图分类: | TU205-64 , TU205 | |
| 科图分类: | ||
| 主题词: | 模型(建筑)--制作--图解 | |
| 电子资源: | ||
| ISBN: | 978-7-5713-0194-1 | |
| 000 | 00753nam0 2200229 450 | |
| 001 | 2379674362 | |
| 005 | 20231022220802.37 | |
| 010 | @a978-7-5713-0194-1@dCNY69.80 | |
| 100 | @a20190731d2019 em y0chiy50 ea | |
| 101 | 0 | @achi |
| 102 | @aCN@b320000 | |
| 105 | @aa z 000yy | |
| 200 | 1 | @a建筑模型制作图解@Ajian zhu mo xing zhi zuo tu jie@f筑美设计编著 |
| 210 | @a南京@c江苏凤凰科学技术出版社@d2019 | |
| 215 | @a160页@d29cm | |
| 330 | @a本书共分为6章,讲解了建筑模型的起源发展、设计方法、材料工艺与实际操作,并且通过大量优秀的建筑模型作品来进行点评与分析。 | |
| 606 | 0 | @a模型(建筑)@x制作@j图解 |
| 690 | @aTU205-64@v5 | |
| 690 | @aTU205@v4 | |
| 711 | 02 | @a筑美设计@Azhu mei she ji@4编著 |
| 801 | 0 | @aCN@b91MARC@c20190731 |
| 905 | @aZUCC@dTU205@e2 | |
| 建筑模型制作图解/筑美设计编著.-南京:江苏凤凰科学技术出版社,2019 |
| 160页;29cm |
| ISBN 978-7-5713-0194-1:CNY69.80 |
| 本书共分为6章,讲解了建筑模型的起源发展、设计方法、材料工艺与实际操作,并且通过大量优秀的建筑模型作品来进行点评与分析。 |
| ● |
| 相关链接 |
|
|
|
正题名:建筑模型制作图解
索取号:TU205/2
 
预约/预借
| 序号 | 登录号 | 条形码 | 馆藏地/架位号 | 状态 | 备注 |
| 1 | 2001035367 | 2001035367 | 第四书库/四17架A面5层3列/ [索取号:TU205/2] | 在馆 | |
| 2 | 2001035368 | 2001035368 | 第四书库/四17架A面5层3列/ [索取号:TU205/2] | 在馆 | |
| 3 | 2001035369 | 2001035369 | 第四书库/四17架A面5层3列/ [索取号:TU205/2] | 在馆 | |
| 4 | 2001035370 | 2001035370 | 第四书库/四17架A面5层3列/ [索取号:TU205/2] | 在馆 | |
| 5 | 2001035371 | 2001035371 | 第四书库/四17架A面5层3列/ [索取号:TU205/2] | 在馆 | |
| 6 | 2001035372 | 2001035372 | 第四书库/四17架A面5层3列/ [索取号:TU205/2] | 在馆 |